Jiří Švengsbír : grafika /
| Main Author: | Hlaváček, Zdeněk, 1899-1981 |
|---|---|
| Language: | Russian German French Czech English |
| Published: |
Praha : Nakladatelství československých výtvarných umělců, 1959 |
| Edition: | 1. vyd. |
| Series: |
Současné profily
|
| Online Access: |
Digitalizovaný dokument
|
| Physical Description: |
12 s., obr. příl. : il. ; 8° + 1 příl. |
| Language note: |
Souběžný český, anglický, francouzský, německý a ruský text |
| LEADER | 01446nam a22003491a 4500 | ||
|---|---|---|---|
| 001 | 000700422 | ||
| 003 | CZ BrMZK | ||
| 005 | 20140909114142.0 | ||
| 007 | ta | ||
| 008 | 031215s1959 xr af f cze d | ||
| 015 | |a cnb000684744 | ||
| 035 | |a (OCoLC)85462075 | ||
| 040 | |a ABA001 |b cze |c ULG001 |d ABA001 |d BOA001 | ||
| 041 | 1 | |a cze |a eng |a fre |a ger |a rus |h cze | |
| 080 | 9 | |a 76 Švengsbír, J.+929 Švengsbír, J. | |
| 100 | 1 | |a Hlaváček, Zdeněk, |d 1899-1981 |7 jk01041221 |4 aut | |
| 245 | 1 | 0 | |a Jiří Švengsbír : |b grafika / |c Zdeněk Hlaváček |
| 250 | |a 1. vyd. | ||
| 260 | |a Praha : |b Nakladatelství československých výtvarných umělců, |c 1959 | ||
| 300 | |a 12 s., obr. příl. : |b il. ; |c 8° + |e 1 příl. | ||
| 490 | 1 | |a Současné profily ; |v sv. 20 | |
| 500 | |a Životopisná data | ||
| 500 | |a 3000 výt. | ||
| 504 | |a Obsahuje bibliografii | ||
| 546 | |a Souběžný český, anglický, francouzský, německý a ruský text | ||
| 500 | |a Dostupné též v digitální podobě v aplikaci Kramerius | ||
| 830 | 0 | |a Současné profily |0 s | |
| 856 | 4 | 1 | |u http://www.digitalniknihovna.cz/mzk/uuid/uuid:43264460-ba40-11f0-adf8-0050568d319f |y Digitalizovaný dokument |x NDK |
| 910 | |a BOA001 |b PK-0023.536 |b 2-0427.762 | ||
| 990 | |a BK | ||
| 996 | 6 | |b 2619098682 |c 2-0427.762 |l MZK |r Sklad / do 24 hodin |n 0 |w 000700422 |u 000020 |a 1 |e BOA001 |j MZK50 |s P | |
| 996 | 7 | |b 3119679598 |c PK-0023.536 |l MZK |r Sklad / do 1 hodiny |n 0 |w 000700422 |u 000010 |a 1 |e BOA001 |j MZK50 |s A | |
English
Čeština 